000 00651nam a2200217 a 4500
001 45407
003 BD-RjUL
005 20211209054016.0
008 160726s1955 enka|||| |||| 001 0 eng d
035 _a(BD-RjUL)45525
040 _aBD-RjUL
_beng
_cBD-RjUL
041 _aeng
082 _223
_a330.905491
_bARP 1955
100 _aArnold, F. B.
_9139032
245 _aPakistan :
_beconomic and commercial conditions in pakistan /
_cF. B. Arnold..
260 _aLondon :
_bHer majesty's,
_c1955.
300 _axii, 291 p. :
_bill. ;
_c24 cm.
490 _aOverseas economic surveys
650 _aEconomic conditions
_zPakistan
_9139033
942 _2ddc
_cBK
999 _c45407
_d45407